000
00336nam a22001457a 4500
008
210426b ||||| |||| 00| 0 eng d
020
_a
9788180692017
041
_a
eng
080
_a
572
082
_a
572
100
_a
24
101
_a
ANT
245
_a
Anthropology New Global Order and Other Essays
_c
Misra,K.K
942
_2
udc
_c
BK
999
_c
56746
_d
56746